[Event "Mumbai Wealth U13 op 5th"]
[Site "Mumbai"]
[Date "2020.01.07"]
[Round "9"]
[White "Bajaj, Prakhar"]
[Black "Keshav, Padmanabhan"]
[Result "1-0"]
[WhiteElo "1779"]
[BlackElo "1452"]
[PlyCount "63"]
[EventDate "2019.12.30"]
[EventType "swiss"]
[EventRounds "9"]
[EventCountry "IND"]
[SourceTitle "CBM 194 Extra"]
[Source "ChessBase"]
[SourceDate "2020.03.31"]
[SourceVersion "1"]
[SourceVersionDate "2020.03.31"]
[SourceQuality "1"]

1. e4 e5 2. Nf3 Nc6 3. Bc4 Bc5 4. 0-0 Nf6 5. d4 Bxd4 6. Nxd4 Nxd4 7. f4 d6 8. fxe5 dxe5 9. Bg5 Qe7 10. c3 Ne6 11. Bxf6 gxf6 12. Kh1 h5 13. Bxe6 Bxe6 14. Na3 c6 15. Nc2 Rd8 16. Qe2 Rd6 17. Ne3 h4 18. h3 Rg8 19. Qh5 Rd3 20. Rae1 Rg3 21. Nf5 Bxf5 22. Rxf5 Rd2 23. Qh8+ Kd7 24. Rg1 Rxb2 25. Rxf6 Kc7 26. Qxh4 Rg6 27. Rxc6+ Kd7 28. Rd1+ Kxc6 29. Qxe7 Rgxg2 30. Rd6+ Kb5 31. Qxb7+ Kc4 32. Qc6# 1-0

[Event "Mumbai Wealth U13 op 5th"]
[Site "Mumbai"]
[Date "2020.01.04"]
[Round "6"]
[White "Keshav, Padmanabhan"]
[Black "Ilamparthi, AR."]
[Result "0-1"]
[WhiteElo "1452"]
[BlackElo "1852"]
[PlyCount "88"]
[EventDate "2019.12.30"]
[EventType "swiss"]
[EventRounds "9"]
[EventCountry "IND"]
[SourceTitle "CBM 194 Extra"]
[Source "ChessBase"]
[SourceDate "2020.03.31"]
[SourceVersion "1"]
[SourceVersionDate "2020.03.31"]
[SourceQuality "1"]

1. e4 c5 2. Nc3 a6 3. g3 b5 4. Bg2 Bb7 5. d3 g6 6. Be3 d6 7. f4 Bg7 8. Qd2 b4 9. Nd1 Nc6 10. Nf3 Nf6 11. h3 0-0 12. 0-0 Nd7 13. c3 a5 14. g4 a4 15. a3 Na5 16. Qc2 Nb3 17. Rb1 bxa3 18. bxa3 c4 19. d4 e5 20. f5 d5 21. Nf2 dxe4 22. Nxe4 exd4 23. Nxd4 Re8 24. g5 Bxe4 25. Bxe4 Qe7 26. Rf4 Qxg5+ 27. Kh1 Qh5 28. Qg2 Rab8 29. Bf3 Qh6 30. Re4 Qxe3 31. Rxe3 Rxe3 32. fxg6 hxg6 33. Rf1 Nxd4 34. cxd4 Rbb3 35. Qg4 Nf6 36. Qc8+ Kh7 37. Bg2 c3 38. Qc6 Re6 39. Qc5 Re2 40. Qc6 c2 41. Qxa4 Rb1 42. Qc4 Nh5 43. Kg1 Rxf1+ 44. Bxf1 c1Q 0-1

[Event "Mumbai Wealth op U13 4th"]
[Site "Mumbai"]
[Date "2019.01.05"]
[Round "7"]
[White "Ratnapriya, K."]
[Black "Keshav, Padmanabhan"]
[Result "1/2-1/2"]
[WhiteElo "1516"]
[BlackElo "1272"]
[PlyCount "140"]
[EventDate "2018.12.30"]
[EventType "swiss"]
[EventRounds "9"]
[EventCountry "IND"]
[SourceTitle "CBM 188 Extra"]
[Source "ChessBase"]
[SourceDate "2019.02.26"]
[SourceVersion "1"]
[SourceVersionDate "2019.02.26"]
[SourceQuality "1"]

1. e4 e5 2. Nf3 Nc6 3. Bb5 a6 4. Ba4 b5 5. Bb3 Nf6 6. 0-0 Be7 7. Re1 d6 8. c3 Na5 9. Bc2 c5 10. d4 cxd4 11. cxd4 Nc6 12. h3 0-0 13. Nc3 Bb7 14. d5 Nb8 15. Be3 Nbd7 16. Ne2 Re8 17. Ng3 g6 18. Qd2 Bf8 19. Bh6 Qe7 20. Nh4 Rec8 21. Ngf5 Qd8 22. Bxf8 Qxf8 23. Nh6+ Kh8 24. Rac1 Rc7 25. Nf3 Nb6 26. Qa5 Qxh6 27. Qxb6 Ne8 28. Red1 Rac8 29. Ne1 Qf4 30. g3 Qf6 31. Rd2 Qe7 32. Rcd1 Nf6 33. Bd3 Rc1 34. Nc2 Rxd1+ 35. Rxd1 Qc7 36. Qe3 Kg7 37. Kh2 Qc5 38. Qf3 h5 39. Qg2 b4 40. Qf3 a5 41. Qe3 Rc7 42. Qxc5 Rxc5 43. f4 Nd7 44. Ne3 Kf8 45. Nc4 Ke7 46. Rf1 f6 47. f5 Ba6 48. b3 Bxc4 49. Bxc4 g5 50. Kg2 Nb6 51. Rc1 Nxc4 52. bxc4 Kd7 53. Kf2 Kc7 54. Ke3 Kb6 55. Kd3 Rc7 56. Rb1 Kc5 57. a3 Ra7 58. Rb2 Ra6 59. Rb1 Ra8 60. Ra1 b3 61. Rb1 Rb8 62. Rb2 a4 63. Kc3 h4 64. g4 Rb6 65. Kd3 Rb7 66. Kc3 Rb6 67. Kd3 Rb7 68. Kc3 Rb6 69. Kd3 Rb7 70. Kc3 Rb6 1/2-1/2

[Event "Mumbai Wealth op U13 4th"]
[Site "Mumbai"]
[Date "2019.01.03"]
[Round "5"]
[White "Ambre, Ved"]
[Black "Keshav, Padmanabhan"]
[Result "0-1"]
[WhiteElo "1063"]
[BlackElo "1272"]
[PlyCount "60"]
[EventDate "2018.12.30"]
[EventType "swiss"]
[EventRounds "9"]
[EventCountry "IND"]
[SourceTitle "CBM 188 Extra"]
[Source "ChessBase"]
[SourceDate "2019.02.26"]
[SourceVersion "1"]
[SourceVersionDate "2019.02.26"]
[SourceQuality "1"]

1. e4 e5 2. Nf3 Nc6 3. Nc3 d6 4. g3 Nf6 5. Bg2 Be7 6. 0-0 0-0 7. d3 h6 8. a3 Be6 9. Nh4 Qd7 10. Be3 Ng4 11. Nf3 f5 12. exf5 Bxf5 13. d4 e4 14. d5 exf3 15. dxc6 bxc6 16. Qxf3 Ne5 17. Qd1 Bh3 18. Nd5 cxd5 19. Bxd5+ Kh8 20. Qh5 Bg4 21. Bxa8 Bxh5 22. Bg2 Bf3 23. Bxa7 Bxg2 24. Kxg2 c5 25. Bxc5 Qc6+ 26. Kh3 Qf3 27. Rae1 g5 28. Re4 Qxe4 29. f3 Nxf3 30. Bxd6 Ng1+ 0-1